| 000 | 01105nam a2200265Ia 4500 | ||
|---|---|---|---|
| 001 | 19564 | ||
| 003 | GE_BSU | ||
| 008 | 181216s||||||||xx |||||||||||||| ||und|| | ||
| 020 | _a9789941013909 | ||
| 040 | _cGE_BSU | ||
| 080 | _a02 | ||
| 100 | _aღარიბაშვილი,ირაკლი | ||
| 245 | _aინტეგრირებული საბიბლიოთეკო სისტემა OpenBiblio (ღია ბიბლიოთეკა) | ||
| 245 | _bბიბლიოთეკარის სახ-ლო | ||
| 250 | _aსაქ.საბიბლიოთეკო ასოციაცია | ||
| 260 | _aთბილისი | ||
| 260 | _bსაქ.საბიბლიოთეკო ასოციაცია | ||
| 260 | _c2009 | ||
| 300 | _a39გვ. | ||
| 541 | _h2ლ.95თ. | ||
| 653 | _aბიბლიოთეკარი | ||
| 653 | _aინტეგრირებული საბიბლიოთეკო სისტემა OpenBiblio (ღია ბიბლიოთეკა) | ||
| 653 | _aქსეროქსი | ||
| 942 | _cBK | ||
| 999 |
_c52540 _d52540 |
||